Statistics for NZ Towns and Cities by Picture Clue

Click here to take the quiz!

General Stats

  • This quiz has been taken 29 times
  • The average score is 5 of 16

Answer Stats

Answer% Correct
Christchurch
96%
Nelson
84%
Wellington
72%
Ross
36%
Cromwell
32%
Dunedin
32%
Arrowtown
24%
Cambridge
20%
Carterton
20%
Featherston
20%
Half Moon Bay
16%
Hamilton
16%
Havelock
12%
Wanaka
8%
Greytown
4%
Oban
4%

Score Distribution

Percentile by Number Answered

Percent of People with Each Score

Your Score History

You have not taken this quiz